| 000 | 00617nam a2200193Ia 4500 | ||
|---|---|---|---|
| 008 | 240729s9999 xx 000 0 und d | ||
| 022 | _a1744-5051 | ||
| 245 | 0 | _aMathematical and Computer Modelling of Dynamical Systems | |
| 260 | _aUnited Kingdom | ||
| 260 | _bTaylor & Francis Group | ||
| 650 | _a Applied mathematics. Quantitative methods | ||
| 650 | _a Industrial engineering. Management engineering | ||
| 650 | _a Mathematics | Technology | ||
| 650 | _a Technology (General) | ||
| 650 | _aScience | ||
| 856 | _uhttps://doaj.org/toc/79a0989439a841c4b1b032b687057f7d | ||
| 942 | _2ddc | ||
| 942 | _cDOAJEJ | ||
| 999 |
_c69143 _d69143 |
||
| 945 |
_a1 _bMadushi Gamage _c1 _dMadushi Gamage |
||